Senior Art centrum

Enregistré dans:
Détails bibliographiques
Auteur principal: Ivánová, Diana (Auteur)
Autres auteurs: Selcová, Ľubica (Directeur de thèse)
Format: Manuscrit Livre
Langue:slovaque
Publié: Bratislava 2017
Sujets:
Accès en ligne:http://is.stuba.sk/zp/portal_zp.pl?podrobnosti=111405
Tags: Ajouter un tag
Pas de tags, Soyez le premier à ajouter un tag!

MARC

LEADER 00000ntm a22000003a 4500
001 stuzp63860
003 SK-STU
005 20210202094927.9
007 ta
008 150427s2015----xo-----f-mn---000-0-slo-d
040 |a STU  |b slo 
041 0 |a slo 
100 1 |a Ivánová, Diana  |u 051110  |4 aut  |U FAD Fakulta architektúry  |T FA Ústav architektúry obytných budov  |X 42229  |U A1110  |Y 392  |7 42229 
242 0 1 |a Senior Art centrum  |y eng 
245 1 0 |a Senior Art centrum 
260 |c 2017  |a Bratislava 
650 4 |a harmonia  |2 slo 
650 4 |a generacie  |2 slo 
650 4 |a umenie  |2 slo 
650 4 |a harmony  |2 eng 
650 4 |a generation  |2 eng 
650 4 |a art  |2 eng 
700 1 |a Selcová, Ľubica  |u 051110  |k Z1  |4 ths  |U FAD Fakulta architektúry  |T FA Ústav architektúry obytných budov  |X 4198  |U A1110  |Y 392  |7 A000004198 
856 4 |u http://is.stuba.sk/zp/portal_zp.pl?podrobnosti=111405  |u https://opac.crzp.sk/?fn=detailBiblioForm&sid=85D30AFD35884905489ABB4E20A9